000
00240nam a2200097Ia 4500
001
796695
005
20250826170753.0
008
250824s9999 xx 000 0 und d
245
0
_a
ALTIN IŞIK
_c
ZİYA GÖKALP
260
_b
SEDİR YAYINLARI A.Ş.
999
_c
796695
_d
796695